000 00339pab a2200145 454500
008 180718b1997 xxu||||| |||| 00| 0 eng d
100 _aO'Toole, Barry
245 _aEthics in government
260 _c1997
300 _ap.130-42
362 _aJan
650 _aPublic administration
773 _aParliamentary Affairs
909 _a35846
999 _c35846
_d35846